1657 1857 1106 1308 1301 1318 1572 1890 1795 1741 1385 1774 1340 1884 1239 1309 1124 1760 1901 1544 1905 1756 1515 1172 1895 1764 1569 1141 1445 1055 1366 1581 1531 1720 1409 1634 1126 1790 1035 1953 1875 1209 1252 1352 1375 1382 1773 1230 1304 1736 1214 1026 1760 1984 1778 1726 1651 1095 1285 1601 1857 1402 1947 1933 1583 1963 1037 1139 1806 1592 1057 1236 1252 1611 1780 1199 1195 1265 1234 1392 1867 1616 1344 1701 1877 1734 1611 1642 1301 1401 1465 1718 1201 1803 1181 1253 1549 1953 1623 BCNSPRNW ULIB Ver.6.0+V

เปลี่ยนเป็นภาษาไทย

Change to English
 แสดงรายละเอียดบรรณานุกรม
  กลับหน้าหลัก

Brief Record : Get Marc (ISO 2709) : E-mail record : QR code < ปิดหน้าต่าง
LEADER : 00000nam 2200000uu 4500
001    13399126415
003     ULIB
008    020711s2018 th a 000 0 eng d
020    ^a9780323401678
060    ^aWY152^bT722E
100    ^aTouhy, Theris A.
245    ^aEbersole and Hess Gerontological Nursing & Healthy Aging
250    ^a5th ed
260    ^aLouis, Missouri :^bElsevier,^c2018
300    ^a430 pages;^b26 cm
650    ^aGeriatric Nursing
650    ^aAged
650    ^aAging
650    ^aHolistic Nursing
650    ^aHealth Promotion
945    ^p2439^l0^i004641
999    ^aประนอม เกษจรัล
รายการนี้ยังไม่มีแท็ก
คุณยังไม่ได้ล็อกอิน คุณสามารถมีกิจกรรมร่วมกับเว็บไซต์ได้ แต่ต้องล็อกอินก่อน ::
  ล็อกอิน

รายการสื่อสารสนเทศ

ลำดับที่ ประเภท เลขเรียก/บาร์โค้ด สถานที่ สถานะ
1. Book การพยาบาล
หนังสือสำรอง
สถานะ=หนังสือสำรอง
WY152 T722E ฉ.1 
  Barcode: 004641
ห้องสมุดวิทยาเขตสวรรค์ประชารักษ์
►หนังสือทั่วไป
บนชั้น

รายการใกล้เคียง
    ผู้แต่ง [Touhy, Theris A.]

    หัวเรื่อง [Geriatric Nursing]
    หัวเรื่อง [Aged]
    หัวเรื่อง [Aging]
    หัวเรื่อง [Holistic Nursing]
    หัวเรื่อง [Health Promotion]

BibComment


ยังไม่เคยถูกคอมเมนท์

คอมเมนท์ทรัพยากรรายการนี้
  คอมเมนท์: Ebersole and Hes..


 Copyright 2026. Bcnsprnw @Library